00312nam a22001217a 4500003000400000008004100004020001800045082001900063100001400082245004500096260003900141300001000180OSt240911b |||||||| |||| 00| 0 eng d a9789351282501 a623.00954bNAA aNarain, S aAtom Bomb and Missiles in Ancient India  aDelhi:bKalpaz Publication,c2017. a126p.